000 nam a22 7a 4500
999 _c126714
_d126714
008 170822b xxu||||| |||| 00| 0 eng d
050 _aLB1050.45.R42
245 _aReading comprehension at four linguistic levels
_cEdited by Clifford Pennock
260 _aDelaware
_bInternational Reading Association
_c1979
300 _avii, 107p. ;
_c22cm.
650 _aReading comprehension
_934947
700 _aPennock, Clifford
_eed.
_934948
942 _2lcc
_cMONOGRAPH